| 000 | 00412nam a2200145Ia 4500 | ||
|---|---|---|---|
| 008 | 231221s9999 xx 000 0 und d | ||
| 041 | _aEnglish | ||
| 082 | _a658.8 UMA;1 | ||
| 100 | _aUmair, Mohammed. | ||
| 245 | 0 | _aMarketing management : for 4th sem BBM, Bangalore University | |
| 260 |
_c2014 _bSkyward Publishers _aBangalore |
||
| 300 | _axii, 6.18 | ||
| 650 | _aMarketing,management,BBM, | ||
| 942 | _cBM | ||
| 999 |
_c217093 _d217093 |
||